Aplicação da lei tributária / (Record no. 927)

MARC details
000 -LÍDER
Campo Fixo de Controle 00749nam a2200241 a 4500
001 - NÚMERO DE CONTROLE
Campo de Controle 927
003 - IDENTIFICAÇÃO DO NÚMERO DE CONTROLE
Campo de Controle BR-CuiBMT
005 - DATA E HORA DA ÚLTIMA ATUALIZAÇÃO
Campo de Controle 20231128205358.0
008 - DADOS FIXOS
Dados Fixos 231123s2011 mgb 001 0 por d
020 ## - INTERNATIONAL STANDARD BOOK NUMBER
Nº do ISBN 9788577003822
040 ## - AGÊNCIA CATALOGADORA
Código da Agência Catalogadora BR-CuiBMT
Agência que transcreveu o registro BR-CuiBMT
080 ## - Nº DA CLASSIFICAÇÃO DECIMAL UNIVERSAL
Nº edição CDU 2007
Nº Class. CDU 34:336.2
090 ## - NÚMERO DE CHAMADA
Nº classificação 34:336.2
Cutter S462a
100 1# - ENTRADA PRINCIPAL -- AUTOR PESSOAL
Nome pessoal Seixas Filho, Aurélio Pitanga
245 10 - TÍTULO PRINCIPAL
Título principal Aplicação da lei tributária /
Indicação de responsabilidade Aurélio Pitanga Seixas Filho.
260 ## - PUBLICAÇÃO, DISTRIBUIÇÃO, ETC.
Local de publicação Belo Horizonte :
Editora Fórum,
Data 2011.
300 ## - DESCRIÇÃO FÍSICA
N. páginas ou volumes 295 p. ;
Dimensões 22 cm
490 1# - INDICAÇÃO DE SÉRIE
Título da série Coleção Fórum de direito tributário ;
Volume/designação sequencial da série v. 3
504 ## - NOTA DE BIBLIOGRAFIA, ETC.
Nota de bibliografia Inclui índice.
650 ## - ASSUNTO TÓPICO
Cabeçalho tópico ou nome geográfico Direito tributário
Subdivisão de forma Legislação
Subdivisão geográfica Brasil
830 #0 - ENTRADA SECUNDÁRIA DE SÉRIE -- TÍTULO UNIFORME
Título uniforme Coleção Fórum de direito tributário ;
Nº do volume/designação sequencial da série 3
942 ## - ELEMENTOS DE ENTRADA ADICIONAIS (KOHA)
Fonte de classificação ou esquema de arquivamento Classificação Decimal Universal
Tipo de item do Koha Livros
Holdings
Estado: removido Estado: perdido Fonte de classificação ou esquema de arquivamento Estado: danificado Indisponível para empréstimo Localização permanente Localização atual Data de aquisição Total Checkouts Número de Chamada completo Código de barras Date last seen Número do exemplar Preço efetivo a partir de Tipo de item (Koha)
    Classificação Decimal Universal     Biblioteca da Escola Superior de Contas do TCE/MT Biblioteca da Escola Superior de Contas do TCE/MT 15/08/2019   34:336 S462a BIBTCEMT23110939 23/11/2023 Ex. 1 23/11/2023 Livros
    Classificação Decimal Universal     Biblioteca da Escola Superior de Contas do TCE/MT Biblioteca da Escola Superior de Contas do TCE/MT 15/08/2019   34:336 S462a BIBTCEMT23110967 23/11/2023 Ex. 2 23/11/2023 Livros

Powered by Koha